000 00810nam a2200205Ii 4500
003 JO-AjNU
008 230605s9999||||xx |||||||||||||| ||und||
040 _aJO-AjNU
_bara
_erda
_cJO-AjNU
041 _aara
050 1 4 _aK736.A5878.1997
100 3 _a أبو السعود ، رمضان ,
_eauthor
_931250
245 0 0 _aالوجيز في الحقوق العينية الأصلية : أحكام ومصادر الحقوق العينية الأصلية
250 _a(د،ط)
264 3 1 _aالاسكندرية : دار المطبوعات الجامعية ، 1997
300 _a581ص
336 _atext
_btxt
_2rdacontent
337 _aunmediated
_bn
_2rdamedia
338 _avolume
_bnc
_2rdacarrier
650 4 _aالحقوق العينية الأصلية -- قوانين وتشريعات -- مصر.
_931251
999 _aA12479
_c16047
_d16047